Statistiques concernant Pokémon - Attaques apparues en génération VII

Cliquez ici pour prendre le quiz!

Statistiques générales

  • Ce quiz a été pris 201 fois
    (3 depuis la dernière actualisation)
  • Le résultat moyen est 61 sur 70

Statistiques - réponses

Type de quizAttaque% Correct
AcierAncrage
100%
EauAria de l'Ecume
100%
VolBec-Canon
100%
PlanteBotte Sucrette
100%
InsecteBoule Pollen
100%
FeuCaboche-Kaboum
100%
FéeCanon Floral
100%
FeuCarapiège
100%
SolCavalerie Lourde
100%
AcierChoc Météore
100%
SpectreClepto-Mânes
100%
NormalCoup Varia-Type
100%
NormalDanse Eveil
100%
TénèbresDark Lariat
100%
DragonDraco-Marteau
100%
ElectrikElectrikipik
100%
InsecteEscarmouche
100%
NormalEvo-Chardasso
100%
GlaceEvo-Congélo
100%
EléctrikEvo-Dynamo
100%
PlanteEvo-Ecolo
100%
FéeEvo-Fabulo
100%
FeuEvo-Flambo
100%
TénèbresEvo-Ténébro
100%
EauEvo-Thalasso
100%
FeuFouet de Feu
100%
FéeIre de la Nature
100%
PsyLaser Prisme
100%
GlaceMarteau de Glace
100%
PsyPhoto-Geyser
100%
ElectrikPika-Fracas
100%
VolPika-Piqué
100%
EauPika-Splash
100%
ElectrikPika-Sprint
100%
ElectrikPlasma Punch
100%
NormalProjecteur
100%
PsyPsycho-Croc
100%
PoisonPurification
100%
SpectreRayon Spectral
100%
FéeSoin Floral
100%
SpectreTisse Ombre
100%
DragonVibrécaille
100%
RocheVif Roc
100%
NormalAffilage
67%
SolAmass'Sable
67%
EauAqua-Brèche
67%
PoisonBlockhaus
67%
TénèbresCentrifugifle
67%
PsyChamp Psychique
67%
AcierEcrous d'Poing
67%
AcierEngrenage
67%
AcierEstocorne
67%
PsyEvo-Psycho
67%
TénèbresExécu-Son
67%
PlanteFeuillage
67%
PoisonFil Toxique
67%
FeuFlamme Ultime
67%
InsecteFurie-Bond
67%
PlanteLame Solaire
67%
NormalLarme à l'Oeil
67%
SolMyria-Flèches
67%
SolMyria-Vagues
67%
SpectreOs'Ombre
67%
PsyPermuvitesse
67%
DragonSanction Suprême
67%
PsySommation
67%
SolTrépignement
67%
GlaceVoile Aurore
67%
PlanteVol-Force
67%
TénèbresArrogance
33%

Distribution des résultats

Percentile par nombre de réponses

% des personnes avec chaque résultat

Votre développement - résultats

Vous n’avez pas pris ce quiz depuis la dernière actualisation